Sports Quiz

Random Sports or Football Quiz
Score 0/29 Timer 10:00
0 Plays Today
Club Stats Club Facts % Correct
Location (Based in):Bradford, West Yorkshire
95.4%
Stadium/Ground:Valley Parade
93.9%
Nickname:The Bantams
93.6%
Currently playing in (Division/Tier/League):SkyBet League One
91.4%
Colours (two, on home kit):Claret and Amber
89.3%
Established/Founded:1903
89%
FA Cup Winners (Year):1911
88.7%
Current Manager:Phil Parkinson
87.1%
Kit Sponsor:JCT600
83.7%
Kit Manufacturer:Nike
82.5%
Number of Promotions:Nine
77.6%
Last season in the top-flight:2000/2001
74.2%
Major final reached during 2012/13 season:Capital One Cup final
73.3%
Official Club Mascots (Both):City Gent and Billy Bantam
70.2%
Player to score in 8 consecutive matches:Nahki Wells
69.6%
Club Stats Club Facts % Correct
Player who scored City's goal in the semi-final 2nd leg of that competition:James Hanson
68.4%
Consecutive penalty shoot-out wins:Nine
67.8%
All-time top scorer:Bobby Campbell
64.4%
Fastest goal scored at stadium (Seconds):10 seconds
63.5%
Club's top scorer in PL:Dean Windass
62.9%
Highest transfer fee received (millions):£2million
59.8%
Highest ever league finish:5th
58.9%
Player with most appearances for City:Ces Podd
57.7%
Team that knocked City out in the semi-finals of the 2000 Intertoto Cup:FC Zenit Saint-Petersburg
51.8%
Highest transfer fee paid for:David Hopkin
45.7%
Record attendance (39,146) against:Burnley
45.1%
Capacity:25,136
42%
Player to score in 8 consecutive away games:Claus Jørgensen
29.1%
Player to score the most goals in one season:David 'Bronco' Layne
21.8%
Come Together.
Have Fun.
All Virtual.
We all need to come together. Play Sporcle's virtual live trivia to have fun, connect with people, and get your trivia on. Join a live hosted trivia game for your favorite pub trivia experience done virtually. If a virtual private party is more your thing, go here for details.

You're not logged in!

Compare scores with friends on all Sporcle quizzes.
OR
Log In

Sporcle TV

Today on Sporcle TV


Watch our educational content, quiz creation guides, and fun videos on Sporcle TV.

Show Comments

Extras

Top Quizzes Today


Score Distribution

Paid Content

Your Account Isn't Verified!

In order to create a playlist on Sporcle, you need to verify the email address you used during registration. Go to your Sporcle Settings to finish the process.

Report this User

Report this user for behavior that violates our Community Guidelines.

Details: